| 000 | 00357nam a22001577a 4500 | ||
|---|---|---|---|
| 003 | SGT | ||
| 020 | _a0-8493-3972-3 | ||
| 082 |
_a615.7 _bG16N |
||
| 100 | _aNALLY, JOSEPH,.D,Ed | ||
| 245 | _aGOOD MANUFACTURING PRACTICES FOR PHARMACEUTICS | ||
| 250 | _a6TH | ||
| 260 |
_aNEW YORK _bINFORMA _c2016 |
||
| 300 | _a398 | ||
| 650 | _aPHARMACY | ||
| 942 |
_2ddc _cBK |
||
| 999 |
_c16091 _d16091 |
||